Tampa Bay Lightning 2024-25 Positions - Click Quiz - Statistics

General Stats
  • This quiz has been taken 13 times
  • The average score is 10 of 21
Answer Stats
Hint Answer % Correct
Andrei Vasilevskiy Goalie
86%
Conor Geekie Center
71%
Brayden Point Center
71%
Nick Perbix Defense
71%
Erik Cernak Defense
71%
J.J. Moser Defense
71%
Ryan McDonagh Defense
71%
Victor Hedman Defense
71%
Anthony Cirelli Center
57%
Darren Raddysh Defense
57%
Emil Lilleberg Defense
57%
Luke Glendening Center
43%
Jonas Johansson Goalie
43%
Brandon Hagel Left Wing
43%
Nikita Kucherov Right Wing
43%
Cam Atkinson Right Wing
43%
Mitchell Chaffee Right Wing
29%
Mikey Eyssimont Center
14%
Zemgus Girgensons Center
14%
Jake Guentzel Center
14%
Nick Paul Left Wing
0%
No matching quizzes found
Score Distribution
Percent of People with Each Score
Percentile by Number Answered
Your Score History
You have not taken this quiz